|
|
|
|
| LEADER |
01246naa a2200301 i 4500 |
| 001 |
publ23180 |
| 005 |
20220110083704.0 |
| 008 |
220110s2009 hu o 0|| Angol d |
| 020 |
|
|
|a 9783879074815
|
| 024 |
7 |
|
|a 1796375
|2 mtmt
|
| 040 |
|
|
|a SZTE Publicatio Repozitórium
|b hun
|
| 041 |
|
|
|a Angol
|
| 100 |
2 |
|
|a Van Leeuwen Boudewijn
|
| 245 |
1 |
0 |
|a Small format aerial photography
|h [elektronikus dokumentum] :
|b a cost effective approach for visible, near infrared and thermal digital imaging /
|c Van Leeuwen Boudewijn
|
| 260 |
|
|
|a Herbert Wichmann Verlag
|b Heidelberg
|c 2009
|
| 300 |
|
|
|a 10
|
| 300 |
|
|
|a 200-209
|
| 490 |
0 |
|
|a Geospatial crossroads @ GI_Forum '09 : proceedings of the Geoinformatics Forum Salzburg
|
| 650 |
|
4 |
|a Föld- és kapcsolódó környezettudományok
|
| 700 |
0 |
1 |
|a Tobak Zalán
|e aut
|
| 700 |
0 |
1 |
|a Szatmári József
|e aut
|
| 700 |
0 |
1 |
|a Mucsi László
|e aut
|
| 700 |
0 |
1 |
|a Kitka Gergely
|e aut
|
| 700 |
0 |
1 |
|a Fiala Károly
|e aut
|
| 700 |
0 |
1 |
|a Rakonczai János
|e aut
|
| 700 |
0 |
1 |
|a Mezősi Gábor
|e aut
|
| 856 |
4 |
0 |
|u http://publicatio.bibl.u-szeged.hu/23180/1/1796375-vanLeeuwenetal-2009-cimlap.pdf
|z Dokumentum-elérés
|
| 856 |
4 |
0 |
|u http://publicatio.bibl.u-szeged.hu/23180/2/1796375-vanLeeuwenetal-2009-cikk.pdf
|z Dokumentum-elérés
|